| 000 | 01067nam a22003017a 4500 | ||
|---|---|---|---|
| 001 | 8172 | ||
| 003 | FISKH | ||
| 005 | 20260304085440.0 | ||
| 008 | 250901b cb ||||| |||| 00| 0 eng d | ||
| 020 | _a9781407130477 | ||
| 040 |
_aFISKH _beng _cFISKH _dFISKH |
||
| 050 | _aPZ8.D7235 F | ||
| 082 | _a823.92 | ||
| 100 |
_aDonaldson, Julia _d(1948-) |
||
| 245 |
_aTiddler : _bThe story telling fish / _cBy Julia Donaldson ; Illustrated by Axel Scheffler |
||
| 250 | _aThis edition first published in 2007 | ||
| 260 |
_aLondon : _bAlison, _c2007 |
||
| 300 |
_a40 unnumbered paged : _bcolor illustrations ; _c19 cm |
||
| 505 | _aJ | ||
| 520 | _aTiddler the fish is always telling tall tales about why he is late for school, but when he is actually caught in a net and taken far from home, it is his stories that help him find his way back. | ||
| 521 | 8 |
_a490
_bLexile |
|
| 521 | 8 |
_aJ
_bRaz-Plus |
|
| 650 |
_2Storytelling _aPicture book |
||
| 650 |
_2Children _aRhyming |
||
| 700 |
_aScheffler, Axel _dillustrator |
||
| 942 |
_2ddc _cBK _n0 |
||
| 999 |
_c8172 _d8172 |
||